Об учреждении в Екатеринославской губернии отдельных должностей уездных предводителей дворянства по уездам Александровскому и Ма...

RUSMARC
00004560cac2a2200000#x 450
001cec29e32-e1b6-447a-af8f-845056e6ae61
00520230615164040.0
100##$a20130920u k y0rusy0189 ca
1010#$arus
102##$aRU
251##$cДело
2250#$aФонд Департамент законов Государственного совета
$hОпись № 11
324##$aПленка
801#0$aRU
$bРГИА
$c20130920
801#1$aRU
$bГлавНИВЦ
$c20130920
$2rusmarc
801#2$aRU
$bПБ им. Б.Н. Ельцина
$c20130921
$gRCR
$2rusmarc
850##$aФедеральное казенное учреждение "Российский государственный исторический архив"
852##$aРГИА
$j36
937##$aASBIBLIO_SCAN
$bРГИА_1149:_11:1894_36:
$d4836630
$hРГИА
2001#$aОб учреждении в Екатеринославской губернии отдельных должностей уездных предводителей дворянства по уездам Александровскому и Мариупольскому
$j27 января - 30 мая 1894 г.
215##$a11 листов
035##$acec29e32-e1b6-447a-af8f-845056e6ae61
300##$aПечатный текст
461#0$10019fbabc13-1218-4a59-948f-40069d96e467
$12001
$aДепартамент законов Государственного совета
$1251
$cФонд
$1852
$j1149
462#0$1001c3e55a17-dc17-454c-8e45-c8fadcda4437
$12001
$a1889-1894
$vД. 36
$1251
$cОпись
$1852
$j11
605##$2acquisition_Prlib
$3LIBNET\UAF\0000107516
$aЗапорожская область: страницы истории
$lколлекция
605##$2acquisition_Prlib
$3DITM\AF\0000002775
$aВласть
$lколлекция
605##$2acquisition_Prlib
$3DITM\AF\0000004675
$aТерритория
$lколлекция
6061#$2prlib_sh
$3LIBNET\UAF\0000107580
$aДворянство
$jАрхивные дела
$yЕкатеринославская губерния
686##$2rubbk
$a63.3(28-8Ека)5-282.5ю1
$vLBC/M
Формат отображения